Nekritizujem Slovákov, kritizujem Vás

Bibliographic Details
Main Authors: Franek, Jaroslav, 1946- (Author), Ferko, Vladimír, 1925-2002 (Author)
Format: Article
Language:Slovak
PhysicalDescription:Fotogr. 2
ISSN:0862-5999
Subjects:

MARC

LEADER 00000nab a2200000 a 4500
001 vtls000640380
003 SK-MaSNL
005 20260426081139.0
008 250425c1997 xo 0 slo
015 |a SNBRB19rr/mm-uuuuu 
035 |a CL0640519 
035 |a urn:nbn:sk:snk-abaj4t 
035 |a (urnnbn)urn:nbn:sk:snk:ar-008bes 
035 |a (uuid)d14f445c-509c-4a1c-9721-afb32945c4eb 
040 |a SNKBUCL  |b slo  |c SNKBUCL  |e AACR2 
041 0 |a slo 
044 |a xo  |c SK 
080 |a 323.12(437.6=924)  |2 1981 
080 |a 943.76(=924)  |2 1981 
100 1 |a Franek, Jaroslav,  |d 1946-  |4 aut  |9 255201 
245 1 0 |a Nekritizujem Slovákov, kritizujem Vás  |c Jaroslav Franek 
300 |b Fotogr. 2 
650 0 7 |a antisemitizmus  |2 snkbucl  |9 4246 
651 7 |a Slovensko  |2 snkbucl  |9 14231 
655 7 |a články z novín a časopisov  |2 snkbucl  |9 267496 
700 1 |a Ferko, Vladimír,  |d 1925-2002  |4 aut  |9 113205 
773 0 |t Literárny týždenník  |g Roč. 10, č. 44 (1997), s. 12  |x 0862-5999 
850 |a Slovenská národná knižnica 
852 |a Slovenská národná knižnica 
954 |a odborná, vedecká literatúra pôvodná (slovenská)  |2 lita 
958 |a article14 
958 |a SK 
958 |a RK 
958 |a OND 
958 |a EUIPO 
992 |a RBX 
999 |c 2833113  |d 2835043